Caracterização geométrica de bambus para construção e manufatura de objetos: análise comparativa da Guadua weberbaueri e do Phyllostachys bambusoides (Registro n. 299169)
[ somente texto ]
| 000 -LÍDER | |
|---|---|
| fixed length control field | 01105nab a2200289 4500 |
| 003 - CÓDIGO MARC DA AGÊNCIA CATALOGADORA | |
| Campo de controle | BR-BrBNA |
| 005 - DATA E HORA DA ÚLTIMA ATUALIZAÇÃO | |
| Campo de controle | 20240412220410.0 |
| 008 - CAMPO DE TAMANHO FIXO | |
| fixed length control field | 240412b bl.||||| |||| 00| 0 por d |
| 040 ## - FONTE DA CATALOGAÇÃO | |
| Agência catalogadora | BR-BrBNA |
| Idioma da catalogação | por |
| 072 ## - CATEGORIA AGRIS | |
| Código AGRIS | F50 ; N10 |
| Código do objeto | 0420 |
| 100 ## - ENTRADA PRINCIPAL - NOME PESSOAL | |
| Nome pessoal | Almeida, Jaime Gonçalves de |
| 245 ## - TÍTULO PRINCIPAL | |
| Título principal | Caracterização geométrica de bambus para construção e manufatura de objetos: análise comparativa da Guadua weberbaueri e do Phyllostachys bambusoides |
| Subtítulo | Pesquisa |
| 500 ## - NOTA GERAL | |
| Nota geral | Summaries (eng, por); 11 ref.; 4 illus.; 9 tables |
| 942 ## - ADDED ENTRY ELEMENTS (KOHA) | |
| Koha item type | |
| 650 ## - ASSUNTO - THESAGRO | |
| Cabeçalho tópico ou nome geográfico | GUADUA WEBERBAUERI |
| 650 ## - ASSUNTO - THESAGRO | |
| Cabeçalho tópico ou nome geográfico | PHYLLOSTACHYS BAMBUSOIDES |
| 650 ## - ASSUNTO - THESAGRO | |
| Cabeçalho tópico ou nome geográfico | BAMBU |
| 650 ## - ASSUNTO - THESAGRO | |
| Cabeçalho tópico ou nome geográfico | GRAMÍNEA |
| 650 ## - ASSUNTO - THESAGRO | |
| Cabeçalho tópico ou nome geográfico | MATÉRIA PRIMA VEGETAL |
| 650 ## - ASSUNTO - THESAGRO | |
| Cabeçalho tópico ou nome geográfico | ANÁLISE COMPARATIVA |
| 650 ## - ASSUNTO - THESAGRO | |
| Cabeçalho tópico ou nome geográfico | MORFOLOGIA VEGETAL |
| 650 ## - ASSUNTO - THESAGRO | |
| Cabeçalho tópico ou nome geográfico | COLMO |
| 650 ## - ASSUNTO - THESAGRO | |
| Cabeçalho tópico ou nome geográfico | MATERIAL DE CONSTRUÇÃO |
| 650 ## - ASSUNTO - THESAGRO | |
| Cabeçalho tópico ou nome geográfico | ARTESANATO |
| 773 0# - ENTRADA ANALÍTICA | |
| Host Biblionumber | 1357 |
| Registro do item | 25377 |
| Imprenta | Brasília-DF Instituto Brasileiro de Desenvolvimento Florestal 1970 |
| Outro identificador | 2023-435947 |
| Título | Brasil Florestal (Brazil) |
| ISSN | 0045-270X |
| Colação | v. 23(80) p. 51-65; (Aug 2024) |
| Número de controle de registro | BR2024000557 |
Nenhum exemplar disponível.

BINAGRI